000 00710nam a2200265Ia 4500
003 OSt
005 20221006152641.0
006 a|||||r|||| 00| 0
007 ta
008 221006b |||||||| |||| 00| 0 chi d
020 _a9787505943827
_cYu 20.00
024 _a29,192
037 _bGift, NOCFL
_cTextual
040 _aEASL
_cEASL
_bchi
041 _2chi
_achi
082 _aY741.41, P3
100 _aWANG Anyi
_9661327
245 0 _aXian shuo zhong guoren
260 _aBeijing
_bZhongguo wen lian chubanshi China
_c2003
300 _a398p.
_ccm.
490 _v CL
650 _aCL
_9642733
942 _hY741.41, P3
_cTEXL
_2CC
999 _c1097278
_d1097278